Homenaje a Casalduero (Record no. 81235)

MARC details
000 -LEADER
campo de control de longitud fija 00719nam a2200205 i 4500
001 - NÚMERO DE CONTROL
campo de control 81235
003 - IDENTIFICADOR DE NÚMERO DE CONTROL
campo de control ES-MaACL
005 - FECHA Y HORA DE LA ÚLTIMA TRANSACCIÓN
campo de control 20231111062528.0
007 - CAMPO FIJO DE DESCRIPCIÓN FÍSICA--INFORMACIÓN GENERAL
campo de control de longitud fija t|
008 - DATOS DE LONGITUD FIJA--INFORMACIÓN GENERAL
campo de control de longitud fija 041103s1972 sp ||||1| spa d
245 00 - MENCIÓN DEL TÍTULO
Título Homenaje a Casalduero
Resto del título : crítica y poesía /
Mención de responsabilidad, etc. ofrecida por sus amigos, discípulos, al cuidado de Rizel Pincus Sigele y Gonzalo Sobejano.
260 ## - PUBLICACIÓN, DISTRIBUCIÓN, ETC.
Lugar de publicación, distribución, etc. Madrid :
Nombre del editor, distribuidor, etc. Gredos,
Fecha de publicación, distribución, etc. 1972.
300 ## - DESCRIPCIÓN FÍSICA
Extensión 510 p., 1 lám. ;
Dimensiones 25 cm.
600 14 - PUNTO DE ACCESO ADICIONAL DE MATERIA--NOMBRE DE PERSONA
Nombre de persona Casalduero, Joaquín,
Fechas asociadas al nombre 1903-1990
9 (RLIN) 36063
650 #4 - PUNTO DE ACCESO ADICIONAL DE MATERIA--TÉRMINO DE MATERIA
Término de materia o nombre geográfico como elemento de entrada Literatura española-
Subdivisión general Historia y crítica
9 (RLIN) 14560
700 1# - ENTRADA AGREGADA--NOMBRE PERSONAL
Nombre de persona Pincus Sigele, Rizel.
9 (RLIN) 92086
700 1# - ENTRADA AGREGADA--NOMBRE PERSONAL
Nombre de persona Sobejano, Gonzalo.
9 (RLIN) 106979
852 ## - LOCALIZACIÓN
Ubicación ES-MaACL
Número de control de estantería C-42698
Sublocalización o colección R.81993
Holdings
Estatus retirado Estado de pérdida Estado de daño No para préstamo Biblioteca de origen Biblioteca actual Ubicación en estantería Fecha de adquisición Fuente de adquisición Total de préstamos Signatura topográfica completa Código de barras Visto por última vez Precio de reemplazo Tipo de ítem Koha
        Biblioteca del Ateneo de Madrid Biblioteca del Ateneo de Madrid Depósito 2 17/01/2008     C-42698 1084923 23/02/2023 23/02/2023 Libro impreso